000 00666nam a22001577a 4500
003 OSt
005 20150922095453.0
008 150922b xxu||||| |||| 00| 0 eng d
040 _cRUA
082 _aAGR I 2010 B044 Or.1
100 _91083
_aI, SARON.
245 _aMechnical method of weed control on lettuce at royal university of agriculture វិធានការមេកានិចកំចាត់រុក្ខជាតិចង្រៃលើដំណាំសាលាដនៅសាកលវិទ្យាល័យភូមិន្ទកសិកម្ម
260 _aPhnom Penh
_bRUA
_c2010
300 _axii; 46p.
_bill.
_c29cm.
942 _2ddc
_cAGR
999 _c1037
_d1037